La vida de los animales con concha / (Registro nro. 9343)

Detalles MARC
000 -LIDER
fixed length control field 00851nam a22002297a 4500
003 - IDENTIFICACDOR DE NÚMERO DE CONTROL
control field DO-SdBNP
005 - DATE AND TIME OF LATEST TRANSACTION
control field 20180222143836.0
008 - ELEMENTOS DE LONGITUD FIJA
fixed length control field 160321b 1983 sp a 00| 0 spa d
020 ## - ISBN
International Standard Book Number 842395742X
040 ## - FUENTE DE CATALOGACIÓN
Agencia que crea de manera original el registro BPMSU
Idioma de catalogación spa
Agencia que realiza la transcripción BPMSU
082 #4 - NÚMERO DE CLASIFICACIÓN DECIMAL DE DEWEY
Classification number xxxx
Item number xxxx
100 1# - ASIENTO PRINCIPAL -- NOMBRE PERSONAL
Nombre personal Whybrow, Solene
245 13 - MENCIÓN DE TITULO
Título La vida de los animales con concha /
Mención de responsabilidad Solene Whybrow ; traducción María Luisa Rodrigo Schellings
250 ## - MENCIÓN DE EDICION
Mención de edición 3a ed.
260 ## - PUBLICACIÓN, DISTRIBUCIÓN, ETC. (PIE DE IMPRENTA)
Lugar de publicación, distribución, etc Madrid :
Nombre del editor, distribuidor, etc. Espasa-Calpe,
Fecha de publicación, distribución, etc 1983.
300 ## - DESCRIPCIÓN FÍSICA
Extensión 61 p´. :
Otros detalles físicos il. ;
Dimensiones 29 cm.
500 ## - NOTA GENERAL
Nota general Una sencilla introducción a la vida y comportamiento de los animales con concha, dedicada a los jóvenes lectores, con una sección especial de referencias y proyectos
700 12 - ASIENTO SECUNDARIO -- NOMBRE PERSONAL
Nombre personal Rodrigo Schellings, María Luisa,
Mención de responsabilidad tr.
942 ## - ADDED ENTRY ELEMENTS (KOHA)
Source of classification or shelving scheme Dewey Decimal Classification
Koha item type Libros
945 ## - INFORMACIÓN DE PROCESAMIENTO LOCAL
Información de procesamiento local Inventariado, 2018 / BT
956 ## - LOCAL ELECTRONIC LOCATION AND ACCESS (OCLC)
Nombre de host BTAVAREZ
Número de acceso 10
Trayectoria 20160321
Nombre Electrónico BPMSU
Procesador de solicitud 0038
Existencias
Withdrawn status Lost status Source of classification or shelving scheme Damaged status Not for loan Collection code Home library Current library Date acquired Source of acquisition Total Checkouts Full call number Barcode Date last seen Price effective from Koha item type
    Dewey Decimal Classification     Colección Infantil General Biblioteca Pública Metropolitana Salomé Ureña Biblioteca Pública Metropolitana Salomé Ureña 03/21/2016 FUNDI   xxxx xxxx BPMSU16030225 03/21/2016 03/21/2016 Libros